A Bangladesh War Commentary: (Record no. 212392)

MARC details
000 -LEADER
fixed length control field 00606nam a22002057a 4500
005 - DATE AND TIME OF LATEST TRANSACTION
control field 20250716114953.0
010 ## - LCCN (DPL NO)
LC control number ENG-145990
020 ## - INTERNATIONAL STANDARD BOOK NUMBER
International Standard Book Number 9354550487
020 ## - INTERNATIONAL STANDARD BOOK NUMBER
International Standard Book Number 9789354550485
Terms of availability 1650.00
035 ## - SYSTEM CONTROL NUMBER
System control number EN-129522
037 ## - SOURCE OF ACQUISITION
Source of stock number/acquisition DBAD
082 ## - DEWEY DECIMAL CLASSIFICATION NUMBER
Classification number 954.9205
100 ## - MAIN ENTRY--PERSONAL NAME
Personal name Baruah, U.L.
245 ## - TITLE STATEMENT
Title A Bangladesh War Commentary:
Remainder of title 1971 Radio Dispatches/
Statement of responsibility, etc U.L. Baruah
260 ## - PUBLICATION, DISTRIBUTION, ETC. (IMPRINT)
Place of publication, distribution, etc New Delhi
Name of publisher, distributor, etc Macmillan Publishers
Date of publication, distribution, etc 2021
270 ## - ADDRESS
Address 2/10, Ansari Road, Daryaganj
City New Delhi
Postal code 110002
300 ## - PHYSICAL DESCRIPTION
Extent 148p.
Dimensions 24cm (pb)
700 ## - ADDED ENTRY--PERSONAL NAME
9 (RLIN) 24920
942 ## - ADDED ENTRY ELEMENTS (KOHA)
Source of classification or shelving scheme Dewey Decimal Classification
Item type English Books
Call number suffix BAR
Classification part 954.9205
Holdings
Withdrawn status Lost status Not for loan Collection code Home library Current library Date acquired Source of acquisition Cost, normal purchase price Full call number Barcode Copy number Cost, replacement price Koha item type
    Not For Loan Non-fiction D.B.Act.Division D.B.Act.Division 16/07/2025 Delivery of Books Act Division 1650.00 BAR 954.9205 EN-129522 1 1650.00 English Books

© Delhi Public Library
Hit Counter
free hit counter